000 01169nam a2200217Ia 4500
999 _c36284
_d36284
001 2191
003 GE_BSU
005 20221021102225.0
008 181216s1976ru xx |||||||||||||| ||rus||
040 _cGE_BSU
041 _arus
080 _a81'38.811.161.1(075) C-31
100 _aСенкевич,М.П.
_915403
245 _aСтилистика научной речи и литературное редактирование научных произведении
_bУч-к для студ. высш. учебн. завед. по спец."журналистика /
_cМ.П. Сенкевич.
264 _aМосква :
_bВысшая школа,
_c1976.
300 _a261 стр.:
_b21см.
653 _aСтилистика научной речи и литературное редактирование научных произведении
653 _aსამეცნიერო მეტყველების სტილისტიკა და სამეცნიერო შრომების ლიტერატურული რედაქტირება
653 _aსტილისტიკა
942 _cBK
_2udc